Southville International School and Colleges
Your cart is empty.
  • Cart
  • Lists
    Public lists Eva Luna New books Lux_list list_1
    Your lists Log in to create your own lists
  • Log in to your account
  • Your cookies
  • Search history
Southville International School and Colleges
  • Advanced search
  • Recent comments
  • Most popular
  • Libraries

Log in to your account

Log in with GOOGLE


If you do not have an external account, but do have a local account, you can still log in:

  1. Home
  2. MARC view: James Alberione :
Normal view MARC view ISBD view

James Alberione : (Record no. 10350)

[ view plain ]
MARC details
000 -LEADER
fixed length control field 00698nam a22002177a 4500
003 - CONTROL NUMBER IDENTIFIER
control field OSt
005 - DATE AND TIME OF LATEST TRANSACTION
control field 20140310182206.0
008 - FIXED-LENGTH DATA ELEMENTS--GENERAL INFORMATION
fixed length control field 130904t xxu||||| |||| 00| 0 eng d
050 ## - LIBRARY OF CONGRESS CALL NUMBER
Classification number BX 4705.A428
Item number .L228 1977
082 ## - DEWEY DECIMAL CLASSIFICATION NUMBER
Classification number HS 282.0924
Item number L18 1977
100 ## - MAIN ENTRY--PERSONAL NAME
Personal name Lamera, Stephen
9 (RLIN) 16522
245 ## - TITLE STATEMENT
Title James Alberione :
Remainder of title a marvel of our times /
Statement of responsibility, etc Stephen Lamera.
260 ## - PUBLICATION, DISTRIBUTION, ETC. (IMPRINT)
Place of publication, distribution, etc Manila :
Name of publisher, distributor, etc Daughters of St. Paul,
Date of publication, distribution, etc c1977.
300 ## - PHYSICAL DESCRIPTION
Extent 181 p. :
Other physical details ill, ;
Dimensions 21 cm.
541 ## - IMMEDIATE SOURCE OF ACQUISITION NOTE
-- 1
562 ## - COPY AND VERSION IDENTIFICATION NOTE
Number of copies 1
650 ## - SUBJECT ADDED ENTRY--TOPICAL TERM
Topical term or geographic name as entry element 1. Alberione, Giacomo Giuseppe, 1884-1971.
9 (RLIN) 16523
650 ## - SUBJECT ADDED ENTRY--TOPICAL TERM
Topical term or geographic name as entry element Catholic church
General subdivision Clergy
-- Biography.
9 (RLIN) 16524
650 ## - SUBJECT ADDED ENTRY--TOPICAL TERM
Topical term or geographic name as entry element Clergy
General subdivision Italy
-- Biography.
9 (RLIN) 16525
942 ## - ADDED ENTRY ELEMENTS (KOHA)
Source of classification or shelving scheme Library of Congress Classification
Koha item type
Holdings
Withdrawn status Lost status Source of classification or shelving scheme Damaged status Home library Current library Shelving location Date acquired Total Checkouts Full call number Barcode Date last seen Copy number Price effective from Koha item type
    Library of Congress Classification   Luxembourg Library Luxembourg Library High School Section 09/04/2013   BX 4705.A428 .L228 1977 3776 09/04/2013 1 09/04/2013 Books

James Alberione :

APA

Lamera S., . (1977). James Alberione. Manila: Daughters of St. Paul.

Chicago

Lamera Stephen, . 1977. James Alberione. Manila: Daughters of St. Paul.

Harvard

Lamera S., . (1977). James Alberione. Manila: Daughters of St. Paul.

MLA

Lamera Stephen, . James Alberione. Manila: Daughters of St. Paul. 1977.

  • Place hold
  • Print
  • Cite
  • Add to your cart (remove)
  • Save record
    BIBTEX Dublin Core MARCXML MARC (non-Unicode/MARC-8) MARC (Unicode/UTF-8) MARC (Unicode/UTF-8, Standard) MODS (XML) RIS
  • More searches
    Search for this title in:
    Other Libraries (WorldCat) Other Databases (Google Scholar) Online Stores (Bookfinder.com) Open Library (openlibrary.org)

Exporting to Dublin Core...

SOUTHVILLE LIBRARY

Southville International School and Colleges Library

1281 Tropical Ave. Cor. Luxembourg St., BF Homes International, Las Pinas City

Tel. No. 8256374 / 252358 Loc. 117/146

Powered by Koha